Haikyu!! : 3 / (Record no. 49355)
| 000 -LEADER | |
|---|---|
| fixed length control field | 01032nam a2200145 4500 |
| 020 ## - INTERNATIONAL STANDARD BOOK NUMBER | |
| International Standard Book Number | 9781421587684 |
| 100 ## - MAIN ENTRY--PERSONAL NAME | |
| Personal name | Haruichi Furudate, |
| Relator term | author. |
| 9 (RLIN) | 86561 |
| 245 ## - TITLE STATEMENT | |
| Title | Haikyu!! : 3 / |
| Remainder of title | Shonen Jump Manga Edition. |
| Statement of responsibility, etc | Story and Art by Haruichi Furudate. |
| 260 ## - PUBLICATION, DISTRIBUTION, ETC. (IMPRINT) | |
| Place of publication, distribution, etc | San Francisco : |
| Name of publisher, distributor, etc | VIZ Media ; |
| Date of publication, distribution, etc | 2022. |
| 300 ## - PHYSICAL DESCRIPTION | |
| Extent | 192 pages. |
| Dimensions | 5 x 0.7 x 7.5 inches. |
| 490 ## - SERIES STATEMENT | |
| Series statement | Haikyu : |
| Volume number/sequential designation | 3 |
| 500 ## - GENERAL NOTE | |
| General note | Shoyo Hinata is out to prove that in volleyball you don't need to be tall to fly!<br/><br/>Karasuno has successfully defeated Tohru Oikawa and Aoba Johsai in their practice match, but the team’s future doesn’t look so bright. The match uncovered serious holes in Karasuno’s defense, which would be fatal in a real game! What they need is a defense expert, a libero, to cover their holes for them. It turns out Karasuno does have a libero named Yu Nishinoya, but he was suspended for one week for violent behavior! And he’s even shorter than Hinata! |
| 650 ## - SUBJECT ADDED ENTRY--TOPICAL TERM | |
| 9 (RLIN) | 79779 |
| Topical term or geographic name as entry element | JUVENILE FICTION / Sports & Recreation / Basketball. |
| 942 ## - ADDED ENTRY ELEMENTS (KOHA) | |
| Source of classification or shelving scheme | |
| Koha item type | Book |
| Withdrawn status | Lost status | Source of classification or shelving scheme | Damaged status | Not for loan | Home library | Current library | Date acquired | Total Checkouts | Total Renewals | Full call number | Barcode | Checked out | Date last seen | Date checked out | Price effective from | Koha item type |
|---|---|---|---|---|---|---|---|---|---|---|---|---|---|---|---|---|
| Logos International School | Logos International School | 08/19/2025 | 9 | 2 | GRAPHIX HAR JAP | 042869 | 05/18/2026 | 04/28/2026 | 04/28/2026 | 08/19/2025 | Book |